000 01435nam a22003017a 4500
003 OSt
005 20260122040909.0
008 260122b ||||| |||| 00| 0 eng d
040 _bEnglish.
_cCvSU-CCAT Campus Library.
_erda.
050 _aUM HF 5429.215
_bC35 2023
100 _aCalim, Erica O., author.
_918183
245 _aAssessing the organizational climate of retails stores in selected areas of Cavite : focus on employees' perspectives /
_cErica O. Calim, Mairo Marcus C. Licono, Owen Edric R. Ruplo.
260 _aRosario, Cavite :
_bCavite State University-CCAT Campus,
_c2023.
300 _axvii, 163 leaves :
_billustrations ;
_c28 cm
500 _aUndergraduate Thesis (BSBM) -- Cavite State University-CCAT Campus, 2023.
504 _aIncludes bibliographical references and appendices.
546 _aIn English text
650 _aOrganizational climate -- Philippines -- Cavite.
_918184
650 _aRetail trade -- Employees -- Philippines -- Cavite.
_918185
650 _aOrganizational behavior -- Philippines.
_918029
650 _aEmployee attitudes -- Philippines -- Cavite.
_918186
700 _aLicono, Mairo Marcus C., author.
_918187
700 _aRuplo, Owen Edric R., author.
_918188
700 _aAbug, Nerisa B., adviser.
_96938
700 _aAmbas, Arman M., technical critic.
_96668
942 _2lcc
_cT/M/D
_hHF 5429.215 C35 2023
_kUM
999 _c4609
_d4609